00600 2200193 4500001002100000005001500021035002000036007000300056008003900059082000700098084001300105100002200118245016200140250001000302260004600312300002500358600000800383990001500391INLIS00000000000991820260429082200 a0010-0426000354ta260429 | | |  a72 a72 ADE p0 aADEL BERTUS REMON1 aPERBEDAAN KADAR GLUKOSA PADA SAMPEL DARAH YANG DIPISAH DAN TIDAK DIPISAH DENGAN PENUNDAAN PADA SUHU RUANG MENGGUNAKAN TABUNG VAKUM PLAIN /cADEL BERTUS REMON aCet 1 aPalangka Raya :bPerpustakaan UMPR,c2023 axiv, 30 hlm :bilus. 4aKTI a1972021568